000 00901nam a2200253 a 4500
001 BRCA_2307
005 20190320203743.0
008 190808s2006----mx-a---###---#000-0#spa-#
020 _a9689068083
041 _aspa
044 _amx
050 4 _aZ1029
_b.M46 2006
245 1 0 _aMemoria
_bPágina Web : Biblioteca y libro antiguo
_cbajo la coordinación Elvia Carreño Velázquez.
260 _aMéxico
_bApoyo al Desarrollo de Archivos y Bibliotecas de México
_c2006
300 _a217 p.
_bil. (algunas a color)
_c23 cm.
440 0 _aColección Memoria
_v8
_96909
610 2 4 _aApoyo al Desarrollo de Archivos y Bibliotecas de México (Ciudad de México)
_96910
650 1 4 _aLibros antiguos
_xHistoria
_zMéxico
_96911
650 1 4 _aLibros
_xHistoria
_96912
650 1 4 _aBiblioteca
_xIncunables
_zMéxico
_96913
653 0 _aADABI
700 1 _aCarreño Velázquez, Elvia
_96914
942 _2lcc
_cB
999 _c2052
_d2052